LEADER 04659nam 2200577 450 001 9910466063803321 005 20200520144314.0 010 $a2-7592-2417-1 035 $a(CKB)3710000000607928 035 $a(EBL)4405691 035 $a(MiAaPQ)EBC4405691 035 $a(WaSeSS)IndRDA00075418 035 $a(PPN)193660865 035 $a(Au-PeEL)EBL4405691 035 $a(CaPaEBR)ebr11236314 035 $a(OCoLC)957128288 035 $a(EXLCZ)993710000000607928 100 $a20160811h20152015 uy 0 101 0 $afre 135 $aur|n|---||||| 181 $2rdacontent 182 $2rdamedia 183 $2rdacarrier 200 03$aLe lapin $ede la biologie A l'elevage /$fThierry Gidenne, coordinateur 210 1$aVersailles, Yvelines, France :$cEditions Quae,$d2015. 210 4$d?2015 215 $a1 online resource (291 p.) 225 1 $aSavoir faire,$x1952-1251 300 $aIncludes index. 311 $a2-7592-2416-3 327 $aSommaire; Pre?face; Avant-propos; Chapitre 1. Anatomie, taxonomie, origine, e?volution et domestication; Anatomie; Morphologie ge?ne?rale, squelette, dentition, musculature; Anatomie de l'appareil reproducteur; Anatomie digestive; Taxonomie; Origine, e?volution et domestication; Origine et diffusion; Apparition de l'e?levage et de la domestication; Races et ligne?es de lapins; Pour en savoir plus; Chapitre 2. Physiologie; Physiologie ge?ne?rale; Respiration; Thermore?gulation; Immunite?; Organes des sens et perceptions sensorielles; Excre?tion urinaire; Physiologie circulatoire et parame?tres sanguins 327 $aPhysiologie digestiveDigestion enzymatique; Microbiote digestif et activite? microbienne cęcale; Transit digestif et motricite? particulie?re du co?lon proximal; Cęcotrophie et excre?tion de fe?ces; Physiologie de la reproduction; La puberte?; La game?toge?ne?se; Le cycle oestral; L'accouplement; L'ovulation; La pseudogestation; La fe?condation; Le de?veloppement embryonnaire et la gestation; La mise-bas; La lactation; Pour en savoir plus; Chapitre 3. Reproduction; Conduite de la reproduction; A?ge des reproducteurs (ma?le et femelle); Mode de reproduction; Pre?paration de la future reproductrice 327 $aSyste?me de conduite et rythmes de reproductionInse?mination artificielle; Inte?re?ts de l'inse?mination artificielle; Technique; Facteurs de re?ussite de l'inse?mination artificielle lie?s a? la femelle; Facteurs de re?ussite de l'inse?mination artificielle lie?s au ma?le; Facteurs de re?ussite de l'inse?mination lie?s a? la technologie de la semence; Autres facteurs intervenant sur la re?ussite de l'inse?mination artificielle; Me?thodes d'induction de la re?ceptivite? sexuelle des lapines au moment de l'inse?mination; Biotechnologies de la reproduction et cuniculture; Conge?lation de la semence 327 $aCollecte et transfert d'embryonsSexage des spermatozoi?des; Production d'embryons in vitro; Transfert de ge?nes; Clonage; Pour en savoir plus; Chapitre 4. Habitat et comportement; Habitat naturel et he?bergement en e?levage; En nature; En conditions d'e?levages professionnels (France et Union europe?enne); Socialite?; En nature; En conditions d'e?levage; Comportement maternel et relations me?re-jeunes; Nid et parturition; Rythme de visite au nid et allaitement; Reconnaissance des jeunes par la me?re/adoptions, sevrage; Comportement du jeune; De?veloppement sensoriel et comportemental 327 $aInteraction avec la me?re et comportement de te?te?eE?mergence et comportements associe?s; Pour en savoir plus; Chapitre 5. Nutrition et alimentation; Comportement alimentaire et ingestion de nutriments; Une alimentation lacte?e quasi-exclusive jusqu'a? trois semaines d'a?ge; Avant le sevrage : transition du lait vers l'aliment solide; Alimentation solide chez le lapin en croissance et l'adulte; Choix alimentaires « libres » du lapin : inte?re?ts et risques; Nutriments et spe?cificite?s pour le lapin; Principes ge?ne?raux de nutrition cunicole; Nutriments pour la croissance et la sante? digestive 327 $aNourrir la jeune femelle future reproductrice 410 0$aSavoir faire (Versailles, France) 606 $aRabbits$xDiseases 606 $aRabbits as laboratory animals 608 $aElectronic books. 615 0$aRabbits$xDiseases. 615 0$aRabbits as laboratory animals. 676 $a636.9322 702 $aGidenne$b Thierry 801 0$bMiAaPQ 801 1$bMiAaPQ 801 2$bMiAaPQ 906 $aBOOK 912 $a9910466063803321 996 $aLAPIN$9409441 997 $aUNINA LEADER 02381nas 2200445 n 450 001 990008949080403321 005 20240229084429.0 011 $a0070-3370 035 $a000894908 035 $aFED01000894908 035 $a(Aleph)000894908FED01 035 $a000894908 091 $2CNR$aP 00053139 100 $a20161109a19649999km-y0itaa50------ba 101 0 $aeng 110 $aauu-------- 200 1 $aDemography 207 1$a1964- 210 $aChicago$cPopulation Association of America 452 0$12001$aDemography (Online) 530 0 $aDemography 675 $a312 676 $a304.6/05 712 02$aPopulation Association of America 801 0$aIT$bACNP$c20090723 859 4 $uhttp://acnp.cib.unibo.it/cgi-ser/start/it/cnr/dc-p1.tcl?catno=35953&person=false&language=ITALIANO&libr=&libr_th=unina1$zBiblioteche che possiedono il periodico 901 $aSE 912 $a990008949080403321 958 $aBiblioteca. Dipartimento Matematico Statistico dell'Universitą Federico II. Napoli$b1964-1987;$c1964;1984;1987;$eSRS Sc. III p.1$fMAS 958 $aBiblioteca della Facoltą di Economia Complesso Universitario Monte S. Angelo- Universitą degli Studi di Napoli "Federico II"$b1971-$c1976;2001-2002;$eMS.I-A-2/MS.IX-A-1 Dep.$fDECBC 958 $aBRAU. Biblioteca di Ricerca di Area Umanistica$b1979-2006;$c1986;2000;2002;$eSP - Per. ingl. estnto 150$fFLFBC 959 $aMAS 959 $aDECBC 959 $aFLFBC 996 $aDemography$9797647 997 $aUNINA AP1 8 $6866-01$aNA036 Biblioteca. Dipartimento Matematico Statistico dell'Universitą Federico II. Napoli$bSRS Sc. III p.1$cCDD 304.605$eV. Cintia-Complesso Universitario Monte, 80126 S. Angelo Napoli (NA)$m(081) 675175/76 - 081675011$m081675009$nit AP1 8 $6866-02$aNA042 Biblioteca della Facoltą di Economia Complesso Universitario Monte S. Angelo- Universitą degli Studi di Napoli "Federico II"$bMS.I-A-2/MS.IX-A-1 Dep.$evia Cinthia,26, 80126 Napoli (NA)$m081676647-0816782$m081676684$nit AP1 8 $6866-03$aNA072 BRAU. Biblioteca di Ricerca di Area Umanistica$bSP - Per. ingl. estnto 150$ePiazza Bellini 56/60, 80133 Napoli (NA)$m(081) 2533948$nit AP2 40$aacnp.cib.unibo.it$nACNP Italian Union Catalogue of Serials$uhttp://acnp.cib.unibo.it/cgi-ser/start/it/cnr/df-p.tcl?catno=35953&language=ITALIANO&libr=&person=&B=1&libr_th=unina&proposto=NO